Marketing inovácií v automobilovom priemysle
Uložené v:
| Hlavný autor: | |
|---|---|
| Ďalší autori: | |
| Médium: | Kapitola |
| Jazyk: | Slovak |
| Tagy: |
Žiadne tagy, Buďte prvý, kto otaguje tento záznam!
|
MARC
| LEADER | 00000nla a2200000 4500 | ||
|---|---|---|---|
| 001 | 0210486 | ||
| 005 | 20240522133212.5 | ||
| 041 | 0 | |a slo | |
| 044 | |a SK | ||
| 245 | 1 | 0 | |a Marketing inovácií v automobilovom priemysle |c Kristína Vrtíková, Róbert Šlosár |
| 500 | |a Abstrakt | ||
| 100 | 1 | |a Vrtíková, Kristína | |
| 700 | 1 | |a Šlosár, Róbert | |